000 00434nam a2200181Ia 4500
005 20240823043204.0
008 240823s9999||||xx |||||||||||||| ||und||
020 _a819060962-9
041 _aENGLISH
082 _A531.12 Q0
100 _aBalaji G
245 0 _aStatistics and Numerical Methods
250 _a6th
260 _c2010
_bBalaji Publica
500 _aTRANSFERED
650 _aStatistics
_bMathematics
942 _cBK
999 _c209644
_d209644